[Event "Brno /Olexa/"]
[Site "?"]
[Date "2024.12.26"]
[Round "1"]
[White "Hajek, Oskar"]
[Black "Milicevic, David"]
[Result "1-0"]
[WhiteElo "2265"]
[BlackElo "1729"]
[PlyCount "73"]
[EventDate "2024.12.??"]

1. e4 c6 2. Nc3 d5 3. Nf3 dxe4 4. Nxe4 Nf6 5. Qe2 e6 6. d4 Nbd7 7. g3 Nxe4 8. Qxe4 Nf6 9. Qe2 Be7 10. Bg2 O-O 11. O-O Re8 12. b3 h6 13. Bb2 Qc7 14. c4 b6 15. Ne5 Bb7 16. Rad1 Rad8 17. Qf3 Rc8 18. g4 Bd6 19. h4 Bxe5 20. dxe5 Nh7 21. Rd6 Ba8 22. c5 Red8 23. Rfd1 Qe7 24. Qg3 bxc5 25. Ba3 Rxd6 26. Rxd6 Rd8 27. Bxc5 Rxd6 28. exd6 Qd7 29. Qc3 Nf6 30. Qa5 Nxg4 31. Qxa7 Bb7 32. Qb8+ Kh7 33. Qc7 Nf6 34. Qxd7 Nxd7 35. b4 g5 36. Ba7 Kg7 37. b5 1-0

[Event "Brno /Olexa/"]
[Site "?"]
[Date "2024.12.26"]
[Round "1"]
[White "Hayrumyan, Artur"]
[Black "Vyskocil, Neklan"]
[Result "0-1"]
[WhiteElo "1721"]
[BlackElo "2260"]
[PlyCount "64"]
[EventDate "2024.12.??"]

1. d4 Nf6 2. Bf4 d5 3. e3 c5 4. c3 Nc6 5. Bd3 Qb6 6. b3 Bg4 7. f3 Bh5 8. Nd2 cxd4 9. exd4 Bg6 10. Be2 e6 11. Nh3 Ba3 12. g4 Bb2 13. Rb1 Bxc3 14. Be3 Bxb1 15. Qxb1 Bxd4 16. Bxd4 Qxd4 17. f4 Qe3 18. Qd3 Qxd3 19. Bxd3 Nxg4 20. Rg1 h5 21. Rg2 g6 22. Ng5 Nd4 23. Nf1 Rc8 24. Kd2 Ke7 25. h3 Nh6 26. Ke3 Nhf5+ 27. Bxf5 Nxf5+ 28. Kd3 Rc1 29. Nh2 Rhc8 30. Rb2 R1c3+ 31. Kd2 Rg3 32. Nf1 Rg2+ 0-1

[Event "Brno /Olexa/"]
[Site "?"]
[Date "2024.12.26"]
[Round "1"]
[White "Sorf, Filip"]
[Black "Jires, Jiri"]
[Result "0-1"]
[WhiteElo "1705"]
[BlackElo "2134"]
[PlyCount "58"]
[EventDate "2024.12.??"]

1. e4 c5 2. Nf3 Nc6 3. d4 cxd4 4. Nxd4 e5 5. Nb5 d6 6. N1c3 a6 7. Na3 Be6 8. Be3 Nf6 9. f3 Rb8 10. Nd5 Bxd5 11. exd5 Qa5+ 12. c3 Nxd5 13. Nc4 Nxe3 14. Nxe3 Be7 15. Bc4 O-O 16. O-O Bg5 17. Qd3 Qc5 18. Rfe1 e4 19. b4 Qa7 20. Qd2 exf3 21. gxf3 Rbe8 22. Kf2 Re5 23. Re2 Rfe8 24. Rae1 Bh4+ 25. Kf1 Bxe1 26. Rxe1 Rxe3 27. Bxf7+ Kxf7 28. Qd5+ R8e6 29. Qf5+ Kg8 0-1

[Event "Brno /Olexa/"]
[Site "?"]
[Date "2024.12.26"]
[Round "1"]
[White "Svobodova, Michaela"]
[Black "Levchenko, Alisa"]
[Result "0-1"]
[WhiteElo "2001"]
[BlackElo "1700"]
[PlyCount "92"]
[EventDate "2024.12.??"]

1. e4 e6 2. d4 d5 3. exd5 exd5 4. Nf3 Bg4 5. h3 Bxf3 6. Qxf3 c6 7. Bd3 Bd6 8. O-O Ne7 9. Re1 O-O 10. Bf4 Re8 11. Nd2 Bxf4 12. Qxf4 Nd7 13. Nf3 Nf6 14. Ng5 Ng6 15. Bxg6 hxg6 16. Re5 Qd7 17. Rae1 Rxe5 18. dxe5 Nh7 19. e6 fxe6 20. Nf3 Qf7 21. Qd6 Re8 22. Ne5 Qf6 23. Qd7 Re7 24. Qd8+ Nf8 25. Re3 Rd7 26. Qxf6 gxf6 27. Nxd7 Nxd7 28. Rxe6 Kf7 29. Re1 Nc5 30. f3 Na4 31. Kf2 b6 32. b3 Nc3 33. a4 d4 34. h4 Nd5 35. Ke2 Ne3 36. Kd3 Nxg2 37. Re4 c5 38. c3 f5 39. Re5 Nxh4 40. cxd4 Nxf3 41. Rd5 Ke6 42. Rd8 Nxd4 43. Kc4 f4 44. Ra8 f3 45. b4 f2 46. Rf8 Nf5 0-1

[Event "Brno /Olexa/"]
[Site "?"]
[Date "2024.12.26"]
[Round "1"]
[White "Hala, Pavel"]
[Black "Wunsch, Radek"]
[Result "0-1"]
[WhiteElo "1697"]
[BlackElo "1980"]
[PlyCount "36"]
[EventDate "2024.12.??"]

{[%evp 0,36,18,-17,-18,-47,-46,-33,-28,-25,-25,-47,-6,-33,-29,-31,-31,-66,-43,-97,-93,-93,-93,-122,-122,-178,-178,-180,-173,-212,-195,-207,-264,-336,-364,-364,-364,-634,-773]} 1. c4 e5 2. e4 Nc6 3. Nc3 Bc5 4. Nf3 d6 5. h3 a5 6. a3 f5 7. d3 Nf6 8. Bg5 h6 9. Bxf6 Qxf6 10. Nd5 Qf7 11. b4 axb4 12. axb4 Rxa1 13. Qxa1 Nxb4 14. Qb2 Nxd5 15. cxd5 O-O 16. Be2 fxe4 17. dxe4 Qg6 18. Nh4 Bxf2+ 0-1

[Event "Brno /Olexa/"]
[Site "?"]
[Date "2024.12.26"]
[Round "1"]
[White "Sknouril, Jakub"]
[Black "Hlavac, Tomas"]
[Result "1/2-1/2"]
[WhiteElo "1940"]
[BlackElo "1690"]
[PlyCount "71"]
[EventDate "2024.12.??"]

1. Nf3 Nf6 2. b3 g6 3. Bb2 Bg7 4. g3 d6 5. d3 Nbd7 6. Bg2 e5 7. O-O O-O 8. Nbd2 Rb8 9. a4 b6 10. Nc4 Bb7 11. a5 b5 12. Ncd2 a6 13. b4 Nd5 14. c3 e4 15. Nxe4 Nxb4 16. cxb4 Bxb2 17. Ra2 Bg7 18. Rc2 Bxe4 19. dxe4 Ne5 20. Nxe5 Bxe5 21. f4 Bg7 22. Qc1 c5 23. Rd1 cxb4 24. e5 Qxa5 25. Rxd6 Rfd8 26. Rcc6 Rxd6 27. Rxd6 Bf8 28. Rc6 Rd8 29. e6 Qa4 30. exf7+ Kxf7 31. Rc7+ Kg8 32. Qc6 Qd1+ 33. Kf2 Qd4+ 34. Kf1 Qd1+ 35. Kf2 Qd4+ 36. Kf1 1/2-1/2

[Event "Brno /Olexa/"]
[Site "?"]
[Date "2024.12.26"]
[Round "1"]
[White "Horak, Hanus"]
[Black "Zacek, Petr"]
[Result "0-1"]
[WhiteElo "1648"]
[BlackElo "1928"]
[PlyCount "44"]
[EventDate "2024.12.??"]

1. d4 Nf6 2. c4 e6 3. Nc3 b6 4. Bg5 Be7 5. Nf3 Bb7 6. e3 O-O 7. Bd3 d5 8. O-O Nbd7 9. Rc1 c5 10. Qe2 Ne4 11. Bf4 Ndf6 12. cxd5 Nxc3 13. bxc3 exd5 14. Ne5 Ne4 15. Bb5 Qc8 16. Bd7 Qd8 17. Bc6 Bxc6 18. Nxc6 Qd7 19. Nxe7+ Qxe7 20. Rc2 g5 21. Qg4 f5 22. Bxg5 Qxg5 0-1

[Event "Brno /Olexa/"]
[Site "?"]
[Date "2024.12.26"]
[Round "1"]
[White "Nerud, Matous"]
[Black "Slegl, Milan"]
[Result "1-0"]
[WhiteElo "1918"]
[BlackElo "1631"]
[PlyCount "57"]
[EventDate "2024.12.??"]

1. c4 Nf6 2. Nc3 e6 3. e4 d6 4. d4 Be7 5. Be3 c6 6. f4 d5 7. e5 Ne4 8. Nxe4 dxe4 9. Qc2 f5 10. exf6 Bxf6 11. Qxe4 O-O 12. Bd3 g6 13. O-O-O Qa5 14. Kb1 Na6 15. Ne2 Nb4 16. a3 Nxd3 17. Qxd3 b5 18. c5 Qc7 19. h4 Qf7 20. Ng3 Be7 21. h5 a5 22. hxg6 hxg6 23. Rh6 Bf6 24. Rxg6+ Bg7 25. Nh5 Qf5 26. Qxf5 Rxf5 27. Nxg7 Kf7 28. Nxf5 Kxg6 29. Ne7+ 1-0

[Event "Brno /Olexa/"]
[Site "?"]
[Date "2024.12.26"]
[Round "1"]
[White "Prihoda, Josef"]
[Black "Pribyl, Rene"]
[Result "0-1"]
[WhiteElo "1631"]
[BlackElo "1901"]
[PlyCount "78"]
[EventDate "2024.12.??"]

1. Nf3 d5 2. c4 c6 3. e3 Nf6 4. Nc3 a6 5. Be2 Nbd7 6. d4 dxc4 7. Bxc4 b5 8. Bxf7+ Kxf7 9. Ng5+ Ke8 10. Qb3 e6 11. Qxe6+ Qe7 12. Qxc6 Rb8 13. Qe6 Bb7 14. Qxe7+ Bxe7 15. f3 b4 16. Ne2 h6 17. Nh3 a5 18. Bd2 g5 19. Nf2 Kf7 20. h3 Rhc8 21. Rc1 Bd5 22. b3 a4 23. e4 axb3 24. axb3 Bxb3 25. Rxc8 Rxc8 26. Nd3 Rc4 27. Nb2 Rc2 28. Nd3 Bc4 29. Nec1 b3 30. Kd1 Bxd3 31. Nxd3 Ra2 32. Ke2 Nb6 33. Ne5+ Kg7 34. Rb1 Bb4 35. Rxb3 Bxd2 36. Kd3 Ba5 37. g3 Kf8 38. Nc6 Rd2+ 39. Ke3 Nc4# 0-1

[Event "Brno /Olexa/"]
[Site "?"]
[Date "2024.12.26"]
[Round "1"]
[White "Neduchal, Jiri"]
[Black "Nisztuk, Michal"]
[Result "1-0"]
[WhiteElo "1858"]
[BlackElo "1622"]
[PlyCount "137"]
[EventDate "2024.12.??"]

1. d4 d5 2. Nf3 c5 3. e3 Nf6 4. c3 cxd4 5. exd4 Nc6 6. Bd3 Bg4 7. Nbd2 e5 8. dxe5 Nxe5 9. Bb5+ Ned7 10. O-O Be7 11. Re1 O-O 12. Qc2 Rc8 13. Nd4 Nc5 14. N2b3 Bd6 15. Bg5 Bh5 16. Qf5 Nce4 17. Rxe4 g6 18. Qxf6 Qxf6 19. Bxf6 dxe4 20. Nd2 a6 21. Bd7 Rc7 22. Bh3 g5 23. Bxg5 Bg6 24. Re1 Rc5 25. Bh6 Re8 26. g4 f6 27. Bg2 f5 28. gxf5 Bxf5 29. Nxf5 Rxf5 30. Rxe4 Rxe4 31. Nxe4 Bxh2+ 32. Kf1 Rb5 33. b4 a5 34. a4 Rf5 35. Bh3 Re5 36. f3 Kf7 37. Kg2 Rh5 38. Kxh2 Rxh6 39. Kg3 Ke7 40. f4 Rg6+ 41. Kf3 b6 42. f5 Rg1 43. f6+ Kf7 44. bxa5 bxa5 45. Bd7 h5 46. Bb5 h4 47. Bc4+ Kf8 48. Be6 Ra1 49. Bd7 Kf7 50. Kf4 Rf1+ 51. Ke5 Kg6 52. c4 Rf3 53. Bg4 Ra3 54. Bf5+ Kf7 55. Ng5+ Kf8 56. Nh7+ Kg8 57. Ng5 Rg3 58. Be6+ Kh8 59. Kf4 Rg1 60. c5 Rc1 61. Ne4 Rf1+ 62. Ke5 Rc1 63. Kd6 Re1 64. Ng5 Rf1 65. Ke7 Rf4 66. f7 h3 67. f8=Q+ Rxf8 68. Kxf8 h2 69. Nf7+ 1-0

[Event "Brno /Olexa/"]
[Site "?"]
[Date "2024.12.26"]
[Round "1"]
[White "Sorf, Ivo"]
[Black "Borkovec, Ondrej"]
[Result "0-1"]
[WhiteElo "1585"]
[BlackElo "1788"]
[PlyCount "88"]
[EventDate "2024.12.??"]

1. e4 c5 2. Nf3 e6 3. c3 d5 4. exd5 exd5 5. d4 Nf6 6. Bf4 Be7 7. Be2 O-O 8. O-O Nc6 9. Nbd2 Re8 10. Re1 cxd4 11. cxd4 Qb6 12. Nb3 a5 13. a4 Bf5 14. Bd3 Bxd3 15. Qxd3 Ne4 16. Bd2 Nb4 17. Bxb4 Bxb4 18. Re2 Rac8 19. Rc1 Rxc1+ 20. Nxc1 Qc6 21. Rc2 Qxa4 22. g3 Qd7 23. b3 Rc8 24. Ne2 Rxc2 25. Qxc2 Qc6 26. Qd3 f6 27. Kg2 Bd6 28. Nfg1 b5 29. f3 Ng5 30. Nc3 a4 31. Nxb5 a3 32. Nxd6 Qxd6 33. Qc2 Qa6 34. Qa2 Ne6 35. Ne2 Qd3 36. b4 Nc7 37. g4 Kf8 38. Kg3 Ke8 39. Nc1 Qc3 40. Qe2+ Kd7 41. Nd3 Qxd4 42. Nc5+ Kc8 43. Qe1 Qe5+ 44. Qxe5 fxe5 0-1

[Event "Brno /Olexa/"]
[Site "?"]
[Date "2024.12.26"]
[Round "1"]
[White "Zeman, Arnost"]
[Black "Carbonai, Gabriele"]
[Result "0-1"]
[WhiteElo "1781"]
[BlackElo "1557"]
[PlyCount "44"]
[EventDate "2024.12.??"]

1. e4 e5 2. Nc3 Nf6 3. Be2 Nc6 4. Nf3 Bc5 5. O-O d6 6. d3 Nd4 7. Nxd4 Bxd4 8. Na4 a6 9. c3 Ba7 10. b3 b5 11. Nb2 h6 12. Bd2 O-O 13. Kh1 Bb7 14. c4 Qd7 15. Rb1 c6 16. f4 Bd4 17. fxe5 Bxe5 18. Be3 c5 19. Qc1 Rfe8 20. Qd1 Nxe4 21. dxe4 Bxe4 22. Bd3 Qh3 0-1

[Event "Brno /Olexa/"]
[Site "?"]
[Date "2024.12.27"]
[Round "2"]
[White "Pribyl, Rene"]
[Black "Hajek, Oskar"]
[Result "0-1"]
[WhiteElo "1901"]
[BlackElo "2265"]
[PlyCount "46"]
[EventDate "2024.12.??"]

{[%evp 0,46,19,31,43,23,24,-16,10,28,72,74,75,30,37,34,44,17,17,-12,-8,-5,68,68,74,71,62,50,62,26,59,36,143,75,86,89,102,47,47,55,26,-52,33,-263,-263,-288,-301,-301,-301]} 1. d4 d5 2. Nf3 Nf6 3. c4 dxc4 4. e3 Bg4 5. Bxc4 e6 6. Nc3 Nc6 7. Bb5 Bb4 8. Bxc6+ bxc6 9. Qa4 Bxc3+ 10. bxc3 Bxf3 11. gxf3 O-O 12. Qxc6 Rb8 13. e4 Nh5 14. Qc5 f5 15. Qe5 Qh4 16. Qxe6+ Kh8 17. e5 c5 18. Qc4 cxd4 19. Qxd4 Qh3 20. Ke2 Rfd8 21. Qe3 Ng3+ 22. fxg3 Qg2+ 23. Qf2 Qxh1 0-1

[Event "Brno /Olexa/"]
[Site "?"]
[Date "2024.12.27"]
[Round "2"]
[White "Vyskocil, Neklan"]
[Black "Borkovec, Ondrej"]
[Result "1-0"]
[WhiteElo "2260"]
[BlackElo "1788"]
[PlyCount "39"]
[EventDate "2024.12.??"]

{[%evp 0,39,24,25,50,6,48,43,43,6,15,8,36,15,9,11,13,15,11,2,-2,-9,-4,-18,21,-2,12,32,38,25,40,164,219,216,323,314,299,291,301,295,351,389]} 1. e4 e6 2. d3 b6 3. Nf3 Bb7 4. Nbd2 c5 5. g3 d6 6. Bg2 Nf6 7. O-O Be7 8. Re1 O-O 9. c3 Nc6 10. a3 b5 11. d4 Qb6 12. e5 Nd7 13. exd6 Bxd6 14. Ne4 Be7 15. dxc5 Nxc5 16. Be3 f5 17. Nxc5 Bxc5 18. Bxc5 Qxc5 19. Ng5 Qc4 20. Nxe6 1-0

[Event "Brno /Olexa/"]
[Site "?"]
[Date "2024.12.27"]
[Round "2"]
[White "Jires, Jiri"]
[Black "Bucek, Miroslav"]
[Result "1-0"]
[WhiteElo "2134"]
[BlackElo "1757"]
[PlyCount "61"]
[EventDate "2024.12.??"]

{[%evp 0,61,24,16,21,21,33,28,4,-26,-28,-76,-69,-72,-47,-47,-52,-21,-34,-19,-21,-23,0,-25,-25,-21,-6,-30,-13,17,59,62,61,50,57,74,77,70,94,98,110,105,129,119,120,131,133,128,146,142,149,151,162,146,315,288,342,342,386,181,329,209,304,335]} 1. e4 e5 2. Nf3 Nc6 3. Bc4 Nf6 4. d4 exd4 5. e5 d5 6. Bb5 Ne4 7. Nxd4 Bd7 8. Bxc6 bxc6 9. O-O Bc5 10. Be3 O-O 11. f3 Ng5 12. f4 Ne6 13. c3 Bxd4 14. cxd4 f5 15. Nc3 Rb8 16. Qd2 Be8 17. Na4 Qe7 18. Nc5 Bf7 19. Rac1 Rb6 20. Rc2 Rfb8 21. b3 Nxc5 22. Rxc5 Ra6 23. Qc2 Qd7 24. Rc1 Be8 25. Bd2 Kf7 26. Ba5 Ke6 27. a4 g6 28. Qd3 Qc8 29. b4 Qb7 30. Rb1 Rc8 31. Qh3 1-0

[Event "Brno /Olexa/"]
[Site "?"]
[Date "2024.12.27"]
[Round "2"]
[White "Wunsch, Radek"]
[Black "Divis, Jan"]
[Result "1-0"]
[WhiteElo "1980"]
[BlackElo "1706"]
[PlyCount "71"]
[EventDate "2024.12.??"]

{[%evp 0,71,16,28,20,34,34,52,53,56,58,49,86,86,112,85,85,70,60,60,70,81,94,82,147,172,147,187,187,195,175,199,217,260,281,456,456,455,533,524,545,524,434,442,433,303,303,310,312,312,489,495,494,509,564,572,589,529,531,552,606,589,599,614,642,627,689,644,679,727,760,767,1238,1253]} 1. e4 d5 2. exd5 Qxd5 3. Nc3 Qa5 4. d4 Nf6 5. Nf3 Bg4 6. h3 Bh5 7. g4 Bg6 8. Ne5 Nbd7 9. Nc4 Qa6 10. Bf4 Qe6+ 11. Ne3 c6 12. Bc4 Nd5 13. Ncxd5 cxd5 14. Bxd5 Qb6 15. Qf3 Qxb2 16. O-O Qxd4 17. Bxb7 Rd8 18. Bc7 h5 19. Rfd1 hxg4 20. hxg4 Qf6 21. Qxf6 exf6 22. Bxd8 Kxd8 23. Bc6 Kc7 24. Bxd7 Bd6 25. Bf5 Bxf5 26. Nxf5 Be5 27. Rab1 g6 28. Nd4 a6 29. Nf3 Rh3 30. Kg2 Rh8 31. Nxe5 fxe5 32. Rd5 f6 33. Rbd1 Kb7 34. Rd7+ Kc8 35. Ra7 f5 36. Ra8+ 1-0

[Event "Brno /Olexa/"]
[Site "?"]
[Date "2024.12.27"]
[Round "2"]
[White "Levchenko, Alisa"]
[Black "Nerud, Matous"]
[Result "1/2-1/2"]
[WhiteElo "1700"]
[BlackElo "1918"]
[PlyCount "95"]
[EventDate "2024.12.??"]

{[%evp 0,95,24,24,86,62,66,25,31,41,36,31,43,17,45,-9,71,-3,31,-15,-12,-12,-11,-22,5,-16,7,9,84,4,65,20,23,-5,201,4,4,3,38,21,72,18,25,-8,63,67,68,40,90,83,205,102,124,105,63,45,59,52,50,32,22,-46,-7,-11,7,-20,-17,-11,28,-96,48,20,105,0,66,-104,-138,-249,-245,-261,-136,-152,-152,-142,-45,-74,-85,-91,0,13,0,0,1,1,1,0,0,0]} 1. d4 g6 2. Nf3 Bg7 3. g3 d6 4. Bg2 Nc6 5. O-O Bd7 6. c3 Qc8 7. Re1 Bh3 8. Bh1 h5 9. Qc2 h4 10. Bg5 hxg3 11. fxg3 e5 12. dxe5 Nxe5 13. Nbd2 Qg4 14. Qe4 c6 15. Qxg4 Nxg4 16. Nc4 Kd7 17. e4 b5 18. Ne3 Ne5 19. Rad1 Be6 20. a3 Ne7 21. Bf4 Nxf3+ 22. Bxf3 Nc8 23. Ng4 f6 24. e5 f5 25. Nf2 d5 26. Nd3 Nb6 27. b3 Bh6 28. Nc5+ Ke7 29. Bxh6 Rxh6 30. Kg2 Nd7 31. Nd3 a5 32. c4 bxc4 33. bxc4 dxc4 34. Bxc6 Rah8 35. Nf4 Rxh2+ 36. Kf3 Nf8 37. Rc1 g5 38. Nxe6 Nxe6 39. Rxc4 Rd2 40. Ke3 Rhd8 41. Rc3 R8d4 42. Rec1 f4+ 43. gxf4 Nxf4 44. Be4 Rd7 45. Bf3 R7d3+ 46. Rxd3 Rxd3+ 47. Ke4 Rxa3 48. Rc7+ 1/2-1/2

[Event "Brno /Olexa/"]
[Site "?"]
[Date "2024.12.27"]
[Round "2"]
[White "Carbonai, Gabriele"]
[Black "Mudrak, Josef"]
[Result "0-1"]
[WhiteElo "1557"]
[BlackElo "2194"]
[PlyCount "80"]
[EventDate "2024.12.??"]

{[%evp 0,80,27,36,76,73,74,72,73,42,26,44,44,5,3,-13,60,43,43,34,31,36,32,27,61,62,96,52,105,95,70,59,87,74,76,80,63,68,69,-51,29,-116,20,-24,11,4,12,0,0,-187,-109,-302,-308,-320,-320,-455,-476,-485,-477,-477,-435,-472,-496,-496,-496,-511,-521,-535,-507,-539,-484,-607,-630,-824,-611,-726,-816,-930,-611,-596,-596,-29995,-29996]} 1. e4 d6 2. d4 Nf6 3. Nc3 c6 4. f3 Nbd7 5. Be3 e5 6. Bc4 b5 7. Bb3 a6 8. a3 Be7 9. Nge2 O-O 10. O-O Bb7 11. Qd2 Qc7 12. Ng3 Rfd8 13. Nce2 Nb6 14. Nf5 c5 15. c3 Nc4 16. Bxc4 bxc4 17. d5 Rdb8 18. Neg3 Bf8 19. Nh6+ Kh8 20. Ngf5 Bc8 21. Ng4 Nh5 22. Rab1 g6 23. Nfh6 f5 24. exf5 gxf5 25. Nf2 f4 26. Bxf4 Nxf4 27. Nfg4 Bxh6 28. Nxh6 Qg7 29. Ng4 Bf5 30. Rbe1 Bd3 31. Rf2 h5 32. Ne3 Nh3+ 33. Kh1 Nxf2+ 34. Qxf2 Rg8 35. g4 Raf8 36. Rg1 Qh7 37. Rg3 hxg4 38. Nxg4 Rxf3 39. Rxf3 Be4 40. Nf6 Bxf3+ 0-1

[Event "Brno /Olexa/"]
[Site "?"]
[Date "2024.12.27"]
[Round "2"]
[White "Jurak, Stanislav"]
[Black "Sknouril, Jakub"]
[Result "0-1"]
[WhiteElo "1761"]
[BlackElo "1940"]
[PlyCount "40"]
[EventDate "2024.12.??"]

{[%evp 0,40,27,27,27,4,24,34,26,18,25,19,19,5,11,-7,-1,-12,-14,-22,9,19,34,32,117,122,198,73,83,50,59,43,43,50,43,21,52,-233,-233,-239,-244,-240,-244]} 1. d4 Nf6 2. c4 c6 3. Nf3 d5 4. cxd5 cxd5 5. Nc3 Nc6 6. h3 Bf5 7. a3 e6 8. e3 Bd6 9. Bd3 Ne4 10. Bxe4 dxe4 11. Nd2 Qg5 12. g4 Bg6 13. Ndxe4 Qe7 14. Nxd6+ Qxd6 15. b4 h5 16. Qf3 hxg4 17. hxg4 O-O-O 18. Bb2 Ne5 19. Qg2 Rxh1+ 20. Qxh1 Nd3+ 0-1

[Event "Brno /Olexa/"]
[Site "?"]
[Date "2024.12.27"]
[Round "2"]
[White "Hlavac, Tomas"]
[Black "Svobodova, Michaela"]
[Result "0-1"]
[WhiteElo "1690"]
[BlackElo "2001"]
[PlyCount "102"]
[EventDate "2024.12.??"]

{[%evp 0,102,23,47,42,43,40,9,62,17,27,-1,42,24,10,5,9,-2,25,23,13,-7,17,-24,15,-10,-9,-2,41,18,22,5,-15,-19,-10,-4,27,19,44,41,58,-8,-8,0,2,1,1,-1,-2,-1,-1,-1,-2,-4,-1,-4,0,0,0,0,8,-16,-32,-32,-17,-22,-13,-5,-5,-30,-13,-19,-13,-13,-13,-99,-99,-100,-95,-127,-127,-164,-166,-251,-251,-251,-251,-251,-261,-261,-263,-261,-261,-282,-285,-291,-284,-376,-376,-376,-385,-456,-481,-583,-574]} 1. e4 e5 2. Nf3 Nf6 3. d4 Nxe4 4. dxe5 d5 5. Nbd2 Nc5 6. Be2 Be7 7. O-O O-O 8. Re1 f6 9. exf6 Bxf6 10. c3 Nc6 11. Nf1 Bf5 12. Ng3 Bg6 13. Be3 Ne4 14. Nxe4 Bxe4 15. Nd4 Nxd4 16. Bxd4 Bxd4 17. Qxd4 Qg5 18. f3 Bg6 19. Rad1 c6 20. Bd3 Bxd3 21. Rxd3 Rae8 22. Rde3 Rxe3 23. Qxe3 Qxe3+ 24. Rxe3 Kf7 25. Kf2 Kf6 26. Ke2 c5 27. Kd3 Rd8 28. f4 d4 29. Re5 b6 30. g4 dxc3+ 31. Kxc3 Rd1 32. h4 Rg1 33. g5+ Kf7 34. h5 Rh1 35. Rd5 Ke6 36. Re5+ Kd6 37. g6 hxg6 38. hxg6 Rg1 39. Kc4 Rxg6 40. Kb5 Rg2 41. Rg5 Rxb2+ 42. Kc4 Rb4+ 43. Kc3 Rxf4 44. Rxg7 a5 45. Rg6+ Kc7 46. Rg7+ Kc6 47. Rg6+ Kb5 48. Rg2 Rf3+ 49. Kb2 Kb4 50. Rg4+ c4 51. Rg2 b5 0-1

[Event "Brno /Olexa/"]
[Site "?"]
[Date "2024.12.27"]
[Round "2"]
[White "Slegl, Milan"]
[Black "Zeman, Arnost"]
[Result "1/2-1/2"]
[WhiteElo "1631"]
[BlackElo "1781"]
[PlyCount "36"]
[EventDate "2024.12.??"]

{[%evp 0,36,27,27,27,26,47,16,14,-19,12,7,12,-3,17,7,17,22,34,32,36,36,32,15,12,-25,48,82,97,92,103,42,46,63,64,-10,-6,-4,39]} 1. d4 Nf6 2. Nf3 b6 3. Nbd2 Bb7 4. g3 Nc6 5. c3 e5 6. Bg2 exd4 7. Nxd4 Rb8 8. O-O Nxd4 9. Bxb7 Rxb7 10. cxd4 d5 11. Qc2 c5 12. e4 dxe4 13. Nxe4 Nxe4 14. Qxe4+ Qe7 15. Qc6+ Qd7 16. Qe4+ Be7 17. d5 O-O 18. Bf4 Bd6 1/2-1/2

[Event "Brno /Olexa/"]
[Site "?"]
[Date "2024.12.27"]
[Round "2"]
[White "Fox, Viktor"]
[Black "Horak, Hanus"]
[Result "0-1"]
[WhiteElo "1754"]
[BlackElo "1648"]
[PlyCount "76"]
[EventDate "2024.12.??"]

{[%evp 0,76,27,25,72,68,64,63,87,61,52,52,61,42,97,103,34,30,42,29,34,23,44,-1,-6,-5,9,16,11,34,50,21,84,29,130,71,58,-41,-16,7,78,124,124,-137,-168,-190,-190,-227,-232,-306,-14,-124,-123,-127,-49,-74,-64,-52,-44,-59,-52,-68,-68,-106,-97,-178,-133,-138,-129,-139,-154,-193,-186,-316,-439,-439,-439,-502,-540]} 1. e4 d6 2. d4 Nf6 3. Nc3 g6 4. f3 Bg7 5. Be3 b6 6. Qd2 c5 7. Bb5+ Bd7 8. Bxd7+ Nbxd7 9. Nge2 cxd4 10. Nxd4 Ne5 11. Qe2 Rc8 12. O-O-O Nc4 13. Kb1 Nxe3 14. Qxe3 O-O 15. h4 e6 16. g4 h5 17. Ndb5 hxg4 18. Rxd6 Qe7 19. e5 a6 20. exf6 Bxf6 21. Nd5 exd5 22. Qxe7 Bxe7 23. Rd7 Bc5 24. Nc3 d4 25. Ne4 gxf3 26. Rf1 Kh8 27. Nxc5 bxc5 28. Rxf3 Kg7 29. b3 Rc6 30. Ra7 Kg8 31. Kc1 f5 32. h5 g5 33. Kd2 g4 34. Rf1 f4 35. Kd3 g3 36. Re7 g2 37. Rg1 f3 38. Ree1 Kh7 0-1

[Event "Brno /Olexa/"]
[Site "?"]
[Date "2024.12.27"]
[Round "2"]
[White "Milicevic, David"]
[Black "Prihoda, Josef"]
[Result "1-0"]
[WhiteElo "1729"]
[BlackElo "1631"]
[PlyCount "95"]
[EventDate "2024.12.??"]

{[%evp 0,95,27,27,26,-19,4,0,4,25,26,28,36,36,49,38,38,37,42,43,47,32,26,33,34,35,27,25,48,34,100,58,57,52,162,119,138,115,107,68,75,70,67,64,85,89,108,104,103,106,108,95,145,121,156,172,160,128,192,175,190,186,174,176,310,180,172,142,118,99,100,105,133,82,189,88,130,118,122,115,171,140,195,192,324,321,336,355,385,391,401,406,402,412,919,412,443,469]} 1. d4 Nf6 2. c4 e6 3. Nc3 Bb4 4. e3 O-O 5. Nf3 d5 6. Bd2 Re8 7. a3 Bxc3 8. Bxc3 Ne4 9. Qc2 Nd7 10. cxd5 exd5 11. Bd3 Ndf6 12. O-O c6 13. Rac1 Qc7 14. Ne5 Re6 15. f3 Nxc3 16. bxc3 Nd7 17. Bxh7+ Kf8 18. Bf5 Rh6 19. Nxd7+ Bxd7 20. Bxd7 Qxd7 21. a4 g6 22. c4 Qd6 23. g3 dxc4 24. Qxc4 Kg7 25. Qc5 Qc7 26. e4 Rah8 27. Rc2 Rh5 28. d5 a6 29. Qc3+ f6 30. dxc6 Qb6+ 31. Kh1 Rc8 32. Qb2 Rxc6 33. Qxb6 Rxb6 34. Rfc1 Rb3 35. Kg2 Ra5 36. Rc4 b5 37. axb5 Rbxb5 38. Rc6 Rb2+ 39. R1c2 Rb7 40. Rd6 Kf7 41. Rcc6 Rb2+ 42. Kh3 Rh5+ 43. Kg4 Rg5+ 44. Kf4 Rh5 45. Rxf6+ Ke7 46. Rxg6 Rbxh2 47. Rxa6 Kf7 48. Rgb6 1-0

[Event "Brno /Olexa/"]
[Site "?"]
[Date "2024.12.27"]
[Round "2"]
[White "Kapustova, Ema"]
[Black "Sorf, Filip"]
[Result "0-1"]
[WhiteElo "1549"]
[BlackElo "1705"]
[PlyCount "40"]
[EventDate "2024.12.??"]

{[%evp 0,40,27,26,51,52,80,18,32,53,50,52,52,24,20,0,0,0,36,-45,-43,-48,-48,-48,-33,-90,-23,-69,-62,-85,-10,-104,-100,-220,-245,-261,-259,-368,-320,-465,-473,-1077,-1115]} 1. e4 c5 2. Nf3 e6 3. Bc4 a6 4. O-O b5 5. Be2 Nc6 6. Nc3 Qc7 7. d4 cxd4 8. Nxd4 Nf6 9. Bg5 b4 10. Na4 Nxe4 11. Be3 d5 12. f3 Nf6 13. c3 bxc3 14. Nxc3 Bd6 15. g3 O-O 16. Qa4 Nxd4 17. Qxd4 e5 18. Qh4 d4 19. Bxd4 exd4 20. Qxd4 Bc5 0-1

[Event "Brno /Olexa/"]
[Site "?"]
[Date "2024.12.28"]
[Round "3"]
[White "Hajek, Oskar"]
[Black "Jires, Jiri"]
[Result "0-1"]
[WhiteElo "2265"]
[BlackElo "2134"]
[PlyCount "72"]
[EventDate "2024.12.??"]

1. d4 Nf6 2. Nc3 d5 3. Bf4 c5 4. e4 Nxe4 5. Nxe4 dxe4 6. dxc5 Qxd1+ 7. Rxd1 Nc6 8. Bb5 f6 9. Ne2 e5 10. Be3 Be6 11. Nc3 f5 12. b4 Kf7 13. a3 a5 14. Nd5 axb4 15. Nxb4 f4 16. Bc1 Nd4 17. Rxd4 exd4 18. c6 Bxb4+ 19. axb4 bxc6 20. Bxc6 Ra1 21. O-O Bc4 22. Re1 e3 23. g3 Rb8 24. b5 Bxb5 25. Bd5+ Kf6 26. fxe3 fxe3 27. Bb3 Kg6 28. Kg2 Rf8 29. c4 Rf2+ 30. Kh3 Bd7+ 31. g4 h5 32. Kg3 hxg4 33. c5 Rf3+ 34. Kg2 Bc6 35. Bc2+ Kh5 36. Kg1 e2 0-1

[Event "Brno /Olexa/"]
[Site "?"]
[Date "2024.12.28"]
[Round "3"]
[White "Wunsch, Radek"]
[Black "Vyskocil, Neklan"]
[Result "1/2-1/2"]
[WhiteElo "1980"]
[BlackElo "2260"]
[PlyCount "84"]
[EventDate "2024.12.??"]

1. e4 c5 2. Nc3 Nc6 3. g3 Rb8 4. a4 g6 5. Bg2 Bg7 6. d3 d6 7. f4 e6 8. Nf3 Nge7 9. O-O O-O 10. Ne2 Nd4 11. c3 Nxf3+ 12. Bxf3 b6 13. Be3 Bb7 14. Qd2 Qd7 15. g4 f5 16. gxf5 exf5 17. Ng3 d5 18. Qc2 d4 19. cxd4 cxd4 20. Bd2 Kh8 21. Rac1 fxe4 22. dxe4 Rbc8 23. Qb3 Rxc1 24. Rxc1 d3 25. Kg2 Nc6 26. Qb5 Rd8 27. e5 Nd4 28. Qxd7 Bxf3+ 29. Kf2 Rxd7 30. Rc8+ Bf8 31. Rxf8+ Kg7 32. Rc8 Bb7 33. Rc3 Ne6 34. f5 gxf5 35. Nxf5+ Kg6 36. Nd6 Nc5 37. b4 Ne4+ 38. Nxe4 Bxe4 39. Ke3 Bf5 40. Rc6+ Kg7 41. a5 bxa5 42. bxa5 Bg6 1/2-1/2